Het bekendste gebouw van deze provincie - Bekendste gebouw Provincie - Statistieken

Algemene statistieken
  • Deze quiz is 10 keer genomen
  • De gemiddelde score is 2 van 12
Antwoordstatistieken
Stad Woorden Gebouw % Correct
Utrecht De Dom
80%
Groningen Martinitoren
80%
Zeeland Abdij
10%
Overijssel Provinciehuis
10%
Limburg Gouvernement
0%
Drente 2 Kamp Westerbork
0%
Flevoland 4 Kerkje aan de Zee
0%
Zuid Holland Mauritshuis
0%
Noord Holland Muiderslot
0%
Gelderland 2 Nederlands Openluchtmuseum
0%
Noord Brabant Sint-Janskathedraal
0%
Friesland 2 Waterpoort Sneek
0%
Geen overeenkomende quizzen gevonden
Scoreverdeling
Procent van Mensen met Elke Score
Percentiel versus Aantal Correcte Antwoorden
Uw Scoregeschiedenis
U heeft deze quiz nog niet genomen